| 000 | 00410nam a22001697a 4500 | ||
|---|---|---|---|
| 003 | SGT | ||
| 020 | _a9780367411374 | ||
| 082 |
_a615.1907 _bG24W |
||
| 100 | _aWEINBERG, SANDY, ed. | ||
| 245 | _aGOOD LABORATORY PRACTICE REGULATIONS. | ||
| 250 | _a4TH | ||
| 260 |
_aLONDON _bCRC PRESS _c2024 |
||
| 300 | _a285 | ||
| 650 | _aPHARMACY | ||
| 653 | _aGOOD, LABORATORY, PRACTICE, REGULATIONS. | ||
| 942 |
_2ddc _cBK |
||
| 999 |
_c26922 _d26922 |
||